| 000 | 00801nam a22002297a 4500 | ||
|---|---|---|---|
| 008 | 081008t xxu||||| |||| 00| 0 eng d | ||
| 010 | _aENG-91230 | ||
| 020 |
_a9788184550542 _c700.00 |
||
| 035 | _aEN-74763 | ||
| 037 | _bDBAD / PUB | ||
| 040 |
_adpl _bEnglish |
||
| 082 | _a658 | ||
| 245 |
_aBasics of business organisation / _cedited by Pankaj Mehra |
||
| 260 |
_aNew Delhi _bOmega Publications _c2008 |
||
| 270 |
_a4398/5, Ansari Road, Daryaganj _bNew Delhi _e110002 |
||
| 300 |
_av, 292p. _c22cm (Hb) |
||
| 500 | _aIncludes index | ||
| 650 | _aBusiness organisation | ||
| 700 | _aMehra, Pankaj | ||
| 942 |
_2ddc _cEN _mBAS _h658 |
||
| 999 |
_c16403 _d16403 |
||